После любви: [роман]

Dades bibliogràfiques
Autor principal: Платова В. Е. Виктория Евгеньевна
Sumari:...Она приехала в марокканскую Эс-Суэйру, чтобы навсегда забыть о несчастной любви. И, казалось, обрела здесь если не счастье, то покой. Но безмятежное существование на берегу Атлантики закончилось, стоило ей полюбить вновь и заново почувствовать вкус к жизни. Труп юноши с перерезанным горлом на смотровой площадке старого форта, и все улики указывают на то, что убийца — она. Противостоять свидетелям обвинения невозможно, разве что - самой попытаться найти разгадку, двигаясь наощупь, в полной темноте и в кромешном одиночестве. Путь будет пройден, и ответы на вопросы получены, но хватит ли ей сил, чтобы жить дальше? После любви...
Idioma:rus
Publicat: Москва, Астрель, 2007
Col·lecció:The International Bestseller
Matèries:
Format: Llibre
KOHA link:https://koha.lib.tpu.ru/cgi-bin/koha/opac-detail.pl?biblionumber=161051

MARC

LEADER 00000nam0a2200000 4500
001 161051
005 20231031155802.0
010 |a 9785170437337  |b (АСТ) (в пер.)  |b 5000 экз.  |b (Астрель) (в пер.)  |b 5000 экз. 
010 |a 978-5-271-16738-6 
021 |a RU  |b 08-3576  |9 08-189 
035 |a (RuTPU)RU\TPU\book\174647 
090 |a 161051 
100 |a 20090602d2007 m u0rusy5002 ca 
101 0 |a rus 
102 |a RU 
105 |a y z 000ay 
200 1 |a После любви  |e [роман]  |f В. Е. Платова 
210 |a Москва  |a Тверь  |c Астрель  |c АСТ  |d 2007 
215 |a 571, [2] с. 
225 1 |a The International Bestseller 
330 |a ...Она приехала в марокканскую Эс-Суэйру, чтобы навсегда забыть о несчастной любви. И, казалось, обрела здесь если не счастье, то покой. Но безмятежное существование на берегу Атлантики закончилось, стоило ей полюбить вновь и заново почувствовать вкус к жизни. Труп юноши с перерезанным горлом на смотровой площадке старого форта, и все улики указывают на то, что убийца — она. Противостоять свидетелям обвинения невозможно, разве что - самой попытаться найти разгадку, двигаясь наощупь, в полной темноте и в кромешном одиночестве. Путь будет пройден, и ответы на вопросы получены, но хватит ли ей сил, чтобы жить дальше? После любви... 
606 0 |a Детективные романы и рассказы (х. л.)  |2 stltpush 
610 1 |a русская литература 
610 1 |a романы 
610 1 |a детективы 
675 |a Р2  |v 3  |z rus 
700 1 |a Платова  |b В. Е.  |g Виктория Евгеньевна  |4 070 
801 0 |a RU  |b 63413507  |c 20080314  |g PSBO 
801 1 |a RU  |b 63413507  |c 20090602  |g PSBO 
801 2 |a RU  |b 63413507  |c 20110512  |g PSBO 
830 |a <b><br />&nbsp;&nbsp;&nbsp;&nbsp;<b>Платова В. Е.</b> После любви : [роман] / Виктория Платова. - М. : Астрель; Тверь : АСТ, печ. 2007. - 571, [2] с.; 22 см. - (The international bestseller). - 5000 экз. - ISBN 978-5-17-043733-7 (АСТ) (в пер.). - [08-3576]<br />&nbsp;&nbsp;&nbsp;&nbsp;- - 1. Детективные романы и рассказы (х. л.). </p><p style='text-align:right'>УДК 821.161.1-31 <br />ББК 84(2Рос=Рус)6-44 </p> 
942 |c BK